Top 50 des youtubeurs les plus suivis - Statistiques

Statistiques générales
  • Ce quiz a été pris 296 fois
  • Le résultat moyen est 12 sur 50
Statistiques - réponses
Classement Youtubeur Abonnés % Correct
Numéro 2 Squeezie 19 Millions
93%
Numéro 1 Tibo Inshape 21,9 Millions
90%
Numéro 5 Michou 9,84 Millions
89%
Numéro 9 Inoxtag 7,83 Millions
88%
Numéro 3 Cyprien 14,5 Millions
82%
Numéro 4 Norman 11,5 Millions
74%
Numéro 17 Mastu 6,24 Millions
67%
Numéro 8 Amixem 8,64 Millions
64%
Numéro 16 Joyca 6,3 Millions
59%
Numéro 25 Natoo 5,1 Millions
52%
Numéro 11 McFly et Carlito 7,39 Millions
48%
Numéro 35 Lebouseuh 4,4 Millions
41%
Numéro 39 Gotaga 4,2 Millions
36%
Numéro 15 Mister V 6,3 Millions
36%
Numéro 6 Lama Faché 9,7 Millions
33%
Numéro 22 SEB 5,6 Millions
26%
Numéro 49 EnjoyPhoenix 3,7 Millions
19%
Numéro 44 Pierre Croce 3,9 Millions
15%
Numéro 10 Remi Gaillard 7,4 Millions
15%
Numéro 23 FastGoodCuisine 5,4 Millions
14%
Numéro 21 Kevin Tran 5,6 Millions
14%
Numéro 45 Joueur du Grenier 3,8 Millions
13%
Numéro 42 Le monde a l'envers 4 Millions
13%
Numéro 31 Dr Nozman 4,7 Millions
11%
Numéro 28 Squeezie Gaming 4,9 Millions
10%
Numéro 19 Furious Jumper 5,88 Millions
9%
Numéro 30 Hugoposé 4,8 Millions
9%
Numéro 27 MichouOff 5 Millions
9%
Numéro 18 Bigorneaux et Coquillages 6,05 Millions
7%
Numéro 26 Cyrilmp4 5 Millions
7%
Numéro 29 IbraTV 4,9 Millions
7%
Numéro 46 LaSalle 3,7 Millions
7%
Numéro 37 L'atelier de Roxanne 4,4 Millions
7%
Numéro 38 Unchained 4,3 Millions
7%
Numéro 33 Jeanfils 4,6 Millions
6%
Numéro 47 StudioBagel 3,7 Millions
6%
Numéro 24 Anas 5,3 Millions
5%
Numéro 43 Palmashow 4 Millions
5%
Numéro 50 GameMixTreize 3,7 Millions
3%
Numéro 14 Swan & Néo 6,59 Millions
3%
Numéro 12 Sympa 7,31 Millions
2%
Numéro 7 Tuvok12 8,7 Millions
2%
Numéro 48 ParodieBro 3,7 Millions
1%
Numéro 20 Dimerci TV 5,77 Millions
0%
Numéro 32 FilmsActu 4,6 Millions
0%
Numéro 13 Le monde des Titounis 7,05 Millions
0%
Numéro 41 Nicocaponecomedy 4,2 Millions
0%
Numéro 34 Sarah Lezito 4,5 Millions
0%
Numéro 40 Troom Troom FR 4,2 Millions
0%
Numéro 36 Unchained Off 4,4 Millions
0%
Aucun quiz correspondant
Distribution des résultats
% des personnes avec chaque résultat
Percentile par nombre de réponses
Votre historique - résultats
Vous n’avez pas pris ce quiz